[Event "Championnat Fermé de l'Outaouais"]
[Site "Gatineau"]
[Date "2019.03.26"]
[Round "1"]
[White "Akrib Fouad"]
[Black "Thibault Mario"]
[Result "1/2-1/2"]
[BlackElo "1827"]
[EventDate "2019.03.26"]
[WhiteElo "1943"]

1.e4 c5 2.Nf3 g6 3.c3 Bg7 4.d4 cxd4 5.cxd4 d5 6.e5 Bg4 7.Nbd2 e6 8.h3 Bf5
9.Bb5+ Nc6 10.O-O Qb6 11.Bxc6+ Qxc6 12.Nb3 Bc2 13.Qe1 $2 Bxb3 $2 ( 13...Bd3
$1 ) 14.axb3 Qb6 15.Ra4 Ne7 16.Rb4 Qc7 17.Bg5 Nc6 18.Qc3 O-O 19.Rc1 Rfc8
20.Ra4 Qd7 21.Qd2 b6 22.Rc3 Na5
{ Pas simple de trouver un plan pour les deux joueurs. } 23.Ra3 $6 Bf8 24.Rd3
Qb5 ( 24...Bxa3 25.bxa3
{ et les Noirs devront solutionner l'insécurité de leur Roi. } ) 25.h4
{ On reconnaît bien Fouad ici ! } 25...Bb4 26.Qe3 Rc2 27.Ra4 Rac8 28.Rxb4
Qxb4 29.Qf4 Rxb2 { Une façon de proposer la nulle. } 30.Bh6 Qe7 31.Bg5 Qf8
32.Bh6 Qe7 33.Bg5 1/2-1/2

[Event "Championnat Fermé de l'Outaouais"]
[Site "Gatineau"]
[Date "2019.03.26"]
[Round "1"]
[White "Guimond Michel"]
[Black "Raymond Daniel"]
[Result "1-0"]
[BlackElo "1855"]
[EventDate "2019.03.26"]
[WhiteElo "1936"]

1.e4 c5 2.b3 e6 3.e5 Nc6 4.Bb2 Qc7 5.Nf3 b6 6.Bb5 Nge7 7.Qe2 a6 8.Bxc6 Qxc6
9.Nc3 Bb7 10.O-O-O Nf5 11.d3 Be7 12.Rhg1 Rc8 13.d4 cxd4 14.Nxd4 Nxd4 15.Rxd4
b5 16.Ne4 O-O 17.Rgd1 ( 17.Nf6+ { est très intéressant. } 17...gxf6
{ est perdant, car les Noirs devront perdre un important matériel pour
éviter le mat. } ( { Sur } 17...Kh8 18.Rh4 { est vraiment embêtant. }
18...Bxf6 19.exf6 g6 20.Qd2 ) ( 17...Bxf6 18.exf6
{ et les Blancs ont une excellente partie. } ) 18.exf6 ) 17...Rc7 18.R1d2 Rd8
19.f3 Qb6 20.Nd6 Bd5 { Une position fort complexe. } 21.Rg4 Qg1+ 22.Rd1 Qxh2
{ et soudainement, avec un pion de plus, il semble que les Noirs ont pris
l'avantage. } 23.Rxd5
{ Wow ! Les Blancs donnent la qualité. Mais est-ce un bon coup ? } 23...exd5
24.Nf5 Qg1+ $2 ( { Oups ! Pourquoi pas le simple } 24...Bf8 { ? } ) 25.Qd1 ( 
{ Et non pas le catastrophique } 25.Kd2 Kf8
{ et la menace Db1 est extrêmement forte. } ) 25...Qxd1+ 26.Kxd1 Kf8 27.Rxg7
{ et les Noirs sont très inconfortables. } 27...d6 $2 { le coup perdant. }
28.Rxh7 Ke8 29.exd6 Bxd6 30.Rh8+ Kd7 31.Rxd8+ Kxd8 32.Nxd6 Ke7 33.Nf5+ Ke6
34.Nd4+ Kd7 35.g4 Rc8 36.Nf5 Rc6 37.Bd4 f6 38.Kd2 Ke8 39.Ne3 Rd6 40.Kd3 Kf7
41.Bc5 Rd7 42.Kd4 Ke6 43.Ng2 f5 44.g5 f4 45.Nxf4+ Kf5 46.Nxd5 Kxg5 47.Ke5 Rh7
48.f4+ Kg6 49.Ke6 Rf7 50.f5+ Kg7 51.f6+ Kg8 52.Ne7+ 1-0

[Event "Championnat Fermé de l'Outaouais"]
[Site "Gatineau"]
[Date "2019.03.26"]
[Round "1"]
[White "Bastien Andre"]
[Black "Desjardins Michel"]
[Result "1/2-1/2"]
[BlackElo "1898"]
[EventDate "2019.03.26"]
[WhiteElo "1792"]

1.d4 d5 2.Nf3 Nf6 3.e3 c5 4.b3 cxd4 5.exd4 Nc6 6.Bb2 Bg4 7.Be2 e6 8.Nbd2 Be7
9.O-O O-O 10.h3 Bh5 11.Ne5 Bxe2 12.Qxe2 Qb6 13.c3 Nxe5 14.dxe5 Nd7 15.Kh1 a5
16.a4 Qa6 17.c4 Nb6 18.Qg4 dxc4 19.Nxc4 Nxc4 20.bxc4 Rac8 21.Rfc1 Rfd8 22.Ba3
Bc5 23.Bxc5 Rxc5 24.Qh4 1/2-1/2

[Event "Championnat Fermé de l'Outaouais"]
[Site "Gatineau"]
[Date "2019.04.09"]
[Round "3"]
[White "Desjardins Michel"]
[Black "Thibault Mario"]
[Result "1-0"]
[BlackElo "1827"]
[EventDate "2019.04.09"]
[WhiteElo "1898"]

1.e4 c5 2.Nf3 g6 3.c3 Bg7 4.d4 cxd4 5.cxd4 d5 6.e5 Bg4 7.Bb5+ Nd7 8.Nbd2 a6
9.Bd3 e6 10.h3 Bxf3 11.Nxf3 Ne7 12.O-O Nc6 13.Be3 O-O 14.Rc1 f6 15.exf6 Bxf6
16.Qd2 Re8 17.Bc2 Rc8 18.b4 Qe7 19.a3 b5 20.Rfe1 Nb6 21.Bd3 Nc4 22.Bxc4 bxc4
23.Bf4 Qg7 24.Ne5 Qa7 25.Nxc6 Rxc6 26.Be5 Bxe5 27.Rxe5 Qf7 28.Rc3 Rf8 29.Rf3
Qc7 30.Rfe3 Qf7 31.Qe1 c3 32.Rxe6 Rxe6 33.Rxe6 c2 34.Rc6 Qf5 35.Qd2 Rc8
36.Rc5 Rxc5 37.bxc5 Qe4 38.Kh2 Kf7 39.f3 Qf5 40.g4 Qxf3 41.Qxc2 Qf4+ 42.Kg2
Qxd4 43.Qf2+ $2 ( 43.c6 $1 { est déclaré gagnant par Stockfish. } )
43...Qxf2+ 44.Kxf2 Ke6 45.Ke3 Kd7 $2 ( 45...Ke5 { était nécessaire. } ) 46.g5
Kc6 47.Kd4 a5 48.a4 1-0

[Event "Championnat Fermé de l'Outaouais"]
[Site "Gatineau"]
[Date "2019.04.16"]
[Round "4"]
[White "Azar Sebastien"]
[Black "Thibault Mario"]
[Result "1-0"]
[BlackElo "1827"]
[EventDate "2019.04.16"]
[WhiteElo "1781"]

1.e4 c5 2.Nf3 g6 3.d4 cxd4 4.Nxd4 Nc6 5.Nc3 Nf6 6.Be3 Bg7 7.a3 O-O 8.h3 d5
9.Nxc6 bxc6 10.exd5 cxd5 11.Bb5 Bb7 12.O-O Qc7 13.Re1 e5 14.Bg5 d4 15.Bxf6
Bxf6 16.Ne4 Bg7 17.b3 Bd5 18.Rc1 Qe7 19.b4 f5 20.Nc5 Qg5 21.Bf1 Rfe8 22.c4
Bf7 23.f3 Rad8 24.Bd3 Qe7 25.Rc2 Bh6 26.Rce2 Bf4 27.Bc2 Qh4 $19 28.Nd3 Bg3
29.Rf1 e4 30.fxe4 fxe4 31.Ba4 Rf8 32.Nc5 e3 33.Qd3 Bf2+ 34.Kh1 Kg7 35.Bb3 Bg8
36.Ne4 Rf4 37.Nxf2 Rxf2 38.Rexf2 exf2 39.Qd2 $2 ( 39.g4 $15 ) 39...Rf8 40.Qd3
Be6 41.c5 Bxb3 42.Qxb3 Qe4 43.Qb2 Qe3 $19 44.b5 Rf4 $2 $10 ( 44...Kh6 $19 )
45.b6 Qe1 46.Qb5 axb6 47.cxb6 Kh6 48.b7 $10 Rf8
{ Les deux joueurs jouaient sur l'incrémention. } 49.h4 $6 ( 49.Kh2 $10 )
49...Re8 50.g3 Qe4+ 51.Kh2 Qe1 52.Qd3 Rb8 53.Qd1 Qe3 54.Qc1 $2 Rxb7 55.Qxe3+
$4 dxe3 56.Kg2 Rf7 57.a4 Kg7 58.a5 Kf8 59.a6 Ke8 60.Rb1
{ et les Noirs ont perdu au temps ! } 1-0

[Event "Championnat Fermé de l'Outaouais"]
[Site "Gatineau"]
[Date "2019.04.16"]
[Round "4"]
[White "Gagnon Fabien"]
[Black "Bastien Andre"]
[Result "1-0"]
[BlackElo "1792"]
[EventDate "2019.04.16"]
[WhiteElo "1901"]

1.d4 d5 2.c4 c6 3.Nf3 Nf6 4.Nc3 e6 5.cxd5 exd5 ( 5...cxd5 6.Bg5 h6 7.Bxf6
Qxf6 8.e3 Bb4 9.Qb3 Qe7 10.Be2 O-O 11.O-O ) 6.Bg5 h6 7.Bxf6 Qxf6 8.e3 Bb4
9.Qb3 Qe7 10.Be2 O-O 11.O-O Bf5 12.Rac1 Nd7 13.a3 Bxc3 14.bxc3 b5 15.a4 a6
16.Ra1 g5 17.h3 h5 18.Nh2 Bg6 19.Qd1 Nf6 20.Bd3 Bxd3 21.Qxd3 Ne4 22.Nf3 Kg7
23.Ne5 Qe6 24.f4 gxf4 25.exf4 f6 $6 26.f5 ( 26.Ng6 { est intéressant. } )
26...Qd6 27.Ng6 Rfe8 28.Nf4 h4 $16 29.Qf3 Ng3 30.Qg4+ $18 Kf8 31.Rfe1 Re4
32.Rxe4 dxe4 33.Ne6+ Ke7 34.Qg7+ Ke8 35.Qg8+ Ke7 36.Qxa8 Ne2+ 37.Kf1 Ng3+
38.Ke1 Nxf5 39.Qf8+ Kxe6 40.Qxd6+ Kxd6 41.axb5 axb5 42.Ra7 Ne7 43.Ra8 Kd5
44.Re8 Ng6 45.Rg8 Nf4 46.Rg4 Nd3+ 47.Kd2 f5 48.Rxh4 f4 49.Rh6 Nb2 50.Rf6 e3+
51.Ke2 Na4 52.Rxf4 Nxc3+ 53.Kxe3 b4 54.Kd3 Na4 55.Rf5+ Ke6 56.g4 Nb6 57.h4
Nd5 58.Rxd5 1-0

[Event "Championnat Fermé de l'Outaouais"]
[Site "Gatineau"]
[Date "2019.04.18"]
[Round "6"]
[White "Guimond Michel"]
[Black "Desjardins Michel"]
[Result "1-0"]
[BlackElo "1898"]
[EventDate "2019.04.18"]
[WhiteElo "1936"]

1.e4 d5 2.exd5 Qxd5 3.Nc3 Qd6 4.d4 Nf6 5.Bc4 a6 6.Nge2 g6 7.Bf4 Qc6 8.Bb3
Qxg2 9.Rg1 Qc6 10.Ng3 Bg7 11.Qd3 O-O 12.f3 a5 13.a4 Na6 14.O-O-O Nb4 15.Qd2
Nfd5 ( 15...Be6 $1 { Un coup vraiment pas évident à trouver. } 16.Bxe6 fxe6
{ -2 (Stockfish) } ) 16.Nxd5 Nxd5 17.Bh6 Nf6 ( 17...Be6 $15 ) 18.h4 b5 19.h5
bxa4 20.hxg6 hxg6 21.Ba2 a3 22.Bxg7 axb2+ 23.Kb1 Kxg7 24.Rh1 Rh8 25.Rxh8 Kxh8
26.Qh6+ Kg8 27.Rh1 ( 27.Qxg6+ { est un peu plus rapide. } ) 27...Nh5 28.Nxh5
gxh5 29.Rg1+ Bg4 30.Qxc6 1-0

[Event "Championnat Fermé de l'Outaouais"]
[Site "Gatineau"]
[Date "2019.04.30"]
[Round "5"]
[White "Desjardins Michel"]
[Black "Gagnon Fabien"]
[Result "1-0"]
[BlackElo "1901"]
[EventDate "2019.04.30"]
[WhiteElo "1898"]

1.e4 e5 2.Nc3 Nf6 3.Bc4 Nxe4 4.Qh5 Nd6 5.Bb3 Be7 6.Qxe5 O-O 7.Nf3 Bf6 8.Qf4
Re8+ 9.Kf1 Bxc3 10.dxc3 Re4 11.Qg5 Qe8 12.Be3 b6 $2 ( 12...Nc6 13.Bd5 Re7 )
13.Bd4 $1 ( 13.Bd5 h6 14.Qh5 Ba6+ 15.Kg1 Rxe3 16.Bxa8 Nc6 17.Bxc6 dxc6 )
13...Ba6+ 14.Kg1 Rxd4 ( 14...Qf8 15.Bd5 Nc6 16.Bxe4 ) 15.cxd4 Nc6 16.Re1 Qf8
17.h4 Kh8 18.Kh2 f6 19.Qg4 f5 20.Qf4 Ne4 21.Ng5 Nxd4 22.Nxe4 fxe4 23.Qxf8+
Rxf8 24.Rxe4 Nxb3 25.axb3 h6 26.f3 Rf6 27.Rd1 Bb5 28.Rd2 Kh7 29.Re7 a5 30.Rd4
c5 31.Rg4 Rg6 32.Rxg6 Kxg6 33.Re8 Bc6 34.c4 b5 35.cxb5 Bxb5 36.Ra8 1-0

[Event "Championnat Fermé de l'Outaouais"]
[Site "Gatineau"]
[Date "2019.04.30"]
[Round "5"]
[White "Akrib Fouad"]
[Black "Azar Sebastien"]
[Result "1/2-1/2"]
[BlackElo "1781"]
[EventDate "2019.04.30"]
[WhiteElo "1943"]

{ Commentaires de Fouad. } 1.d4 d5 2.Bg5 Nf6 3.e3 Bf5 4.Nf3 Nbd7 5.c4 e6
6.Nc3 h6 7.Bh4 Be7 8.Rc1 c6 9.Be2 O-O 10.Bxf6 Nxf6 11.c5 Rc8 12.Qa4 a6 13.O-O
Nd7 14.Qb3 Qc7 15.Na4 Bd8 16.Qc3 Re8 17.b4 Qb8 18.Qb2 e5 19.Nc3 Bg4 20.h3 Be6
21.a4 e4 22.Nd2 b5 23.cxb6 Qxb6 24.a5 Qb7 25.Qa3 Be7 26.Rb1 Rb8 27.Rb2 Qa7
28.Na4 Rb7 29.Qc3 Rc7 30.Nb3 Rb8 31.Nbc5 Nxc5 32.bxc5 Rxb2 33.Qxb2 Rb7 34.Nb6
Bd8 35.Rc1 Bc7 36.Bf1 Bb8 37.Rb1 g5 38.Qe2 Bc7 39.Qh5 Kg7 40.h4 f6 41.hxg5
hxg5 42.Qe2 Kg6 43.Qc2 Kg7 44.Ra1 Bg4 45.Be2 Bxe2 46.Qxe2 Kg6 47.Qg4 f5
48.Qh3 Rb8 49.g4 fxg4 50.Qxg4 Rf8 51.Qe6+ Rf6 52.Qg8+ Kf5 53.Qh7+ Kg4 54.Qd7+
Rf5 55.Qc8 $6 ( 55.Kh1 $3 $18 { menace Tg1 sans espoir pour les Noirs. } )
55...Qb8 56.Qd7 Qd8 57.Qxc6 ( 57.Qxd8 $18 ) 57...Bh2+
{ Il reste 2 minutes aux Blancs qui voulaient éviter la nulle. } 58.Kg2 $4
Rxf2+ $10 $4 ( 58...Qh8 $3 $19 59.Kf1 Qh4 60.Ra2 Qg3 ) 59.Kxf2 Qf8+ 60.Ke1
Bg3+ 61.Kd1 Qf1+ 62.Kc2 Qd3+ 63.Kb2 Qd2+ 64.Kb1 Qd3+ 65.Ka2 Qd2+ 66.Ka3 Qc3+
67.Ka2 Qc2+ 68.Ka3 Qc3+ 69.Ka2 Qc2+ 70.Ka3 Qc3+ 71.Ka2 Qc2+ 72.Ka3 Qc3+
73.Ka2 Qc2+ 74.Ka3 Qc3+
{ Beaucoup d'imprécistions en fin de partie à cause de la pression de temps
dans une position complexe où les Blancs voulaient éviter la nulle. }
1/2-1/2

[Event "Championnat Fermé de l'Outaouais"]
[Site "Gatineau"]
[Date "2019.05.07"]
[Round "6"]
[White "Gagnon Fabien"]
[Black "Thibault Mario"]
[Result "1-0"]
[BlackElo "1827"]
[EventDate "2019.05.07"]
[WhiteElo "1901"]

1.d4 Nf6 2.c4 e6 3.Nc3 Bb4 4.f3 c5 5.e3 O-O 6.Ne2 Re8 7.a3 cxd4 8.exd4 Bf8
9.Be3 d5 10.cxd5 exd5 11.Kf2 Nc6 12.Ng3 a6 13.Bd3 b5 14.Nge2 h6 15.Re1 Bb7
16.Qd2 Na5 17.Rad1 Qb6 18.Kf1 Rad8 ( 18...Nb3 19.Qc2 Rxe3 20.Qxb3 Rae8 21.Qc2
Bd6 { -+ } ) 19.Bf2 Bc6 20.Ng3 b4 21.axb4 Bxb4 22.Rxe8+ Bxe8 23.Nf5 Bf8
24.Qe2 Bb5 25.Bxb5 axb5 26.Qxb5 Qxb5+ 27.Nxb5 Rb8 28.Nc3 Rxb2 29.Ne3 Nb3
30.Ncxd5 Nxd5 31.Nxd5 f6 32.Ne3 Kf7 33.h4 h5 34.Be1 Ra2 35.Nd5 Bd6 36.Nc3 Rc2
37.Ne4 Bf4 38.g3 Bc7 39.Rd3 Rb2 40.f4 Bb6 41.Nd6+ Ke6 42.Nc4 Rb1 43.Nxb6
1-0

[Event "Championnat Fermé de l'Outaouais"]
[Site "Gatineau"]
[Date "2019.05.14"]
[Round "7"]
[White "Raymond Daniel"]
[Black "Gagnon Fabien"]
[Result "0-1"]
[BlackElo "1901"]
[EventDate "2019.05.14"]
[WhiteElo "1855"]

1.e4 c6 2.d4 d5 3.Nc3 dxe4 4.Nxe4 Nf6 5.Nxf6+ exf6 6.Nf3 Bd6 7.Be2 Qc7 8.O-O
Bg4 9.Re1 O-O 10.h3 Bh5 11.c4 b6 12.a3 a5 13.Be3 Nd7 14.Rc1 Rad8 15.Qb3 Rfe8
16.c5 bxc5 17.dxc5 Bf4 18.Bxf4 Qxf4 19.Bc4 Rxe1+ 20.Rxe1 Bxf3 $1 21.Bxf7+
{ tres compliqué } ( 21.Qd3 { menace Dxd7 Txd7 Te8 mat } 21...Rf8 ( 21...Bd5
22.Bxd5 cxd5 23.Qxd5 Qc7 24.Re7 $1 ) ( 21...g6 22.gxf3 Qg5+ { = } ) 22.Qxd7
Qxc4 23.gxf3 Qxc5 ) 21...Kf8 22.Qe6 Ne5 $1
{ le coup qui faillait prévoir en jouant 20...Fxf3 } 23.gxf3 Nxf3+ 24.Kf1
Nxe1 25.Bg8 $1 Qc7 { la seule défence } 26.Bxh7 Qf7 27.Qxe1 g6 28.Qxa5 Re8
29.Qc3 Kg7 30.Qf3 Qe6 31.Bxg6 Kxg6 32.b4 Qe1+ 33.Kg2 Qe4 34.a4 Qxf3+ 35.Kxf3
Rb8 0-1

[Event "Championnat Fermé de l'Outaouais"]
[Site "Gatineau"]
[Date "2019.05.14"]
[Round "7"]
[White "Thibault Mario"]
[Black "Guimond Michel"]
[Result "1/2-1/2"]
[BlackElo "1936"]
[EventDate "2019.05.14"]
[WhiteElo "1827"]

1.e4 e6 2.d4 d5 3.Nd2 Nf6 4.e5 Nfd7 5.Bd3 c5 6.c3 Nc6 7.Ne2 b6 8.Nf3 Be7 9.h4
h6 10.Nf4 Qc7 11.a3 Bb7 12.Qe2 c4 13.Bc2 O-O-O 14.Bd2 g5 15.Nh5 Rdg8 16.hxg5
hxg5 17.g4 Qd8 18.O-O-O Rh6 19.Ng3 Rgh8 20.Rh5 Rxh5 21.Nxh5 b5 22.Qe3 Rg8
23.Rh1 Qa5 24.Kb1 Nb6 25.Nxg5 $2 ( 25.Nf6 $18 Rf8 26.Nxg5 ) 25...Bxg5 26.Qf3
Bxd2 $19 27.Qxf7 Rd8 ( 27...Rh8 { est meilleur. } ) 28.Nf6 Nd7 29.Rh7 Ncb8
30.Ne8 Rxe8 $2 ( 30...Bc6 $19 ) 31.Qxe8+ $18 Qd8 32.Qxe6 Bc6 33.Bf5 Kb7
34.Qd6 ( 34.Qf7 $1 { avec la terrible menace e6. } ) 34...Bf4 35.Qg6 Kb6
36.Qf7 Bxe5 37.dxe5 Qg5 38.Rg7 $2 $15 ( 38.e6 $1
{ gagne rapidement. Par exemple : } 38...Qd2 39.Qe7 Qd1+ 40.Ka2 Qb3+ 41.Ka1
Qd1+ 42.Bb1 ) 38...Qd2 39.e6 $4
{ Les Blancs offrent aux Noirs un mat en 8 difficile à trouver en pression
de temps. } 39...b4 40.axb4 Qd1+ 41.Ka2 Qa4+ $2
{ et les deux joueurs convinrent d'une nulle alors qu'un mat est toujours
sur l'échiquier : } ( 41...Ba4 $3 { suivi de Fb3+. } ) 1/2-1/2